header

Psychology of loneliness (Record no. 57391)

MARC details
000 -LEADER
fixed length control field 02165nam a2200349 a 4500
082 04 - DEWEY DECIMAL CLASSIFICATION NUMBER
Classification number 155.9/2
245 00 - TITLE STATEMENT
Title Psychology of loneliness
260 ## - PUBLICATION, DISTRIBUTION, ETC. (IMPRINT)
Place of publication New York :
Name of publisher Nova Science Publishers,
Year of publication c2011.
300 ## - PHYSICAL DESCRIPTION
Number of Pages xi, 159 p.
490 1# - SERIES STATEMENT
Series statement Psychology of emotions, motivations and actions
505 0# - FORMATTED CONTENTS NOTE
Formatted contents note Experiencing loneliness in childhood : consequences for psychosocial adjustment, school adjustment, and academic performance / Lucy R. Betts, Anna S.A. Bicknell -- Ageing and psychological well-being / Juan Carlos Melendez-Moral -- Loneliness in sexual offenders / Emily Blake, Theresa A. Gannon -- Loneliness and life : from beginning to end / Ami Rokach -- The experience of loneliness while studying abroad / Holly A. Hunley -- Denying the need to belong : how social exclusion impairs human functioning and how people can protect against it / Richard S. Pond, Joseph Brey, C. Nathan DeWall -- Sexual alienation : a review of factors influencing the loneliness of gay, lesbian, and bisexual adolescents / Bradley J. Bond -- Being lonely in a crowd : population density contributes to perceived loneliness in China / Zhenzhu Yue ... [et al.].
650 #0 - SUBJECT ADDED ENTRY--TOPICAL TERM
Topical Term Loneliness.
Topical Term Interpersonal relations.
700 1# - ADDED ENTRY--PERSONAL NAME
Personal name Bevinn, Sarah J.
856 40 - ELECTRONIC LOCATION AND ACCESS
Uniform Resource Identifier http://site.ebrary.com/lib/rucke/Doc?id=10675038

No items available.

© 2026 Rongo University
Contact us: librarian | system librarian | Rongo university